Le joueur (Record no. 172397)

MARC details
000 -LEADER
campo de control de longitud fija 00797nam a2200205 i 4500
001 - NÚMERO DE CONTROL
campo de control 172397
003 - IDENTIFICADOR DE NÚMERO DE CONTROL
campo de control ES-MaACL
005 - FECHA Y HORA DE LA ÚLTIMA TRANSACCIÓN
campo de control 20230906214910.0
007 - CAMPO FIJO DE DESCRIPCIÓN FÍSICA--INFORMACIÓN GENERAL
campo de control de longitud fija t|
008 - DATOS DE LONGITUD FIJA--INFORMACIÓN GENERAL
campo de control de longitud fija 090630s1934 fr ||||1| fre d
080 ## - NÚMERO DE LA CLASIFICACIÓN DECIMAL UNIVERSAL
Número de la Clasificación Decimal Universal 821.133.1-2"17"
100 0# - ENTRADA PRINCIPAL--NOMBRE DE PERSONA
Nombre de persona Regnard, Jean François.
9 (RLIN) 95901
245 13 - MENCIÓN DEL TÍTULO
Título Le joueur
Resto del título : comédie /
Mención de responsabilidad, etc. Regnard ; avec une notice biographique, une notice historique et littéraire, des notes explicatives, des jugements, un questionnaire sur la pièce et des sujets de devoirs, par J.-Roger Charbonnel.
260 ## - PUBLICACIÓN, DISTRIBUCIÓN, ETC.
Lugar de publicación, distribución, etc. París :
Nombre del editor, distribuidor, etc. Libraire Larousse,
Fecha de publicación, distribución, etc. 1934.
300 ## - DESCRIPCIÓN FÍSICA
Extensión 124 p. ;
Dimensiones 17 p.
490 1# - MENCIÓN DE SERIE
Mención de serie Classiques Larousse
830 0# - PUNTO DE ACCESO ADICIONAL DE SERIE-TÍTULO UNIFORME
Título uniforme Classiques Larousse
9 (RLIN) 189084
852 4# - LOCALIZACIÓN
Ubicación ES-MaACL
Número de control de estantería E-12738
itemnumber R.139392
Nota libre . - Biblioteca Jacinto Martínez Lacalle
Holdings
Estatus retirado Estado de pérdida Estado de daño No para préstamo Biblioteca de origen Biblioteca actual Ubicación en estantería Fecha de adquisición Fuente de adquisición Total de préstamos Signatura topográfica completa Código de barras Visto por última vez Precio de reemplazo Tipo de ítem Koha
        Biblioteca del Ateneo de Madrid Biblioteca del Ateneo de Madrid Depósito 2 30/06/2009     E-12738 1180917 23/02/2023 23/02/2023 Libro impreso